The way we live now Χθές και σήμερα
Ο Αύγουστος Μέλμοτ είναι ένας ευρωπαίος χρηματιστής, του οποίου οι ρίζες παραμένουν τόσο σκοτεινές, όσο και οι οικονομικές πρακτικές του. Όταν καταφθάνει στο Λονδίνο ανακοινώνει την ίδρυση μιας εταιρείας που σκοπό της έχει τον άμεσο πλουτισμό όλων των μετόχων της. Σύντομα ο Μέλμοτ θα συγκεντρώσει γύ...
Αποθηκεύτηκε σε:
| Άλλοι συγγραφείς: | , , |
|---|---|
| Μορφή: | |
| Γλώσσα: | English Greek |
| Δημοσίευση: |
[S.l.] :
BBC : Prooptiki [εταιρεία διανομής],
[2001]
|
| Θέματα: | |
| Ετικέτες: |
Προσθήκη ετικέτας
Δεν υπάρχουν, Καταχωρήστε ετικέτα πρώτοι!
|
MARC
| LEADER | 00000cgm a2200000 i 4500 | ||
|---|---|---|---|
| 001 | 1/52267 | ||
| 008 | 140801s2001 xx ||| | || ||eng|| | ||
| 035 | |l 10118469 | ||
| 040 | |a GR-MyUa |b gre |e AACR2 | ||
| 041 | 0 | |a eng |j gre | |
| 082 | 7 | |a 791.437 |2 (22) | |
| 245 | 0 | 4 | |a The way we live now |h [μαγνητοσκόπηση] = |b Χθές και σήμερα / |c σκηνοθεσία Ντέιβιντ Γέιτς. |
| 246 | 1 | |i Παράλληλος τίτλος: |a Χθές και σήμερα | |
| 260 | |a [S.l.] : |b BBC : |b Prooptiki [εταιρεία διανομής], |c [2001] | ||
| 300 | |a 2 βιντεοδίσκοι (300 λεπτ.) : |b ομίλ., έγχρ. ; |c 4 3/4 ίν. | ||
| 500 | |a Κυκλοφόρησε πρώτη φορά ως τηλεοπτική σειρά το 2001. | ||
| 508 | |a Σενάριο, Andrew Davies ; βασισμένο στο έργο του Anthony Trollop ; εκτέλεση παραγωγής, Pippa Harris, Jane Tranter ; παραγωγή, Nigel Stafford-Clark. | ||
| 511 | 0 | |a David Suchet, Matthew MacFadyen, Paloma Baeza, Rob Brydon, Cheryl Campbell, Shirley Henderson, Douglas Hodge, Cillian Murphy, Miranda Otto. | |
| 520 | 8 | |a Ο Αύγουστος Μέλμοτ είναι ένας ευρωπαίος χρηματιστής, του οποίου οι ρίζες παραμένουν τόσο σκοτεινές, όσο και οι οικονομικές πρακτικές του. Όταν καταφθάνει στο Λονδίνο ανακοινώνει την ίδρυση μιας εταιρείας που σκοπό της έχει τον άμεσο πλουτισμό όλων των μετόχων της. Σύντομα ο Μέλμοτ θα συγκεντρώσει γύρω του έναν κύκλο από ξεπεσμένους αριστοκράτες, μηχανορράφους απατεώνες και νεόπλουτους επιχειρηματίες που αποζητούν ακόμη περισσότερα χρήματα. Οι πρακτικές του Μέλμοτ, όμως, θα επηρεάσουν τις ζωές όλων γύρω του και κυρίως της ανυπάκουης, γοητευτικής κόρης του, Μαρί. | |
| 651 | 0 | |a Great Britain |x Social life and customs |y 19th century |v Drama. | |
| 655 | 7 | |a Television mini-series |2 lcgft | |
| 700 | 1 | |a Yates, David, |d 1963- |e drt | |
| 700 | 1 | |a Suchet, David, |e act | |
| 700 | 1 | |a Schlesinger, Helen, |e act | |
| 852 | |a INST |b SYROS |c AV |e 20140801 |h 791.437 YAT |p 005500012537 |q 005500012537 |t DVD |v disc.2: |y 23 |z disc.2 | ||
| 852 | |a INST |b SYROS |c AV |e 20140801 |h 791.437 YAT |p 005500012538 |q 005500012538 |t DVD |v disc.1: |y 23 |z disc.1 | ||
| 853 | |a INST |b SYROS |c AV |h 791.437 YAT | ||
| 901 | |a BIBL5-2014-2 | ||
| 922 | |a 5ΕΛΗ |b 201311 |c Βιβλιοθήκη Σύρου |d Videorama | ||
| 970 | |a Κοντού |b Παρασκευή |z 01/08/2014 | ||